| 000 | 00861cam a2200253 a 4500 | ||
|---|---|---|---|
| 003 | EG-GiCUC | ||
| 008 | 160217s1992 ku g 000 0 ara d | ||
| 017 |
_a 1992/ 9159 _bكويت . دار الكتب |
||
| 020 | _a9775344336 | ||
| 040 |
_aEG-GiCUC _bara _cEG-GiCUC |
||
| 092 | 0 | 4 |
_a811.9 _bS169 _221 |
| 099 |
_a04 _a811.9 S169 |
||
| 100 | 1 | _aسلوم : شفيق | |
| 245 | 1 | 0 |
_aإملا لى كاس يا وطن : _bشعر / _cشفيق سلوم |
| 260 |
_aالكويت : _bدار سماد الصباح : _c1992 |
||
| 300 |
_a153 ص ؛ _c22سم |
||
| 600 | 1 | 0 | _aسلوم : شفيق |
| 650 | 7 |
_aالشعر العربى _yالعصر الحديث _2qrmak |
|
| 902 | _a1 | ||
| 905 |
_aجيهان شعراوى _eمدخل |
||
| 905 |
_aجيهان _eمراجع |
||
| 942 |
_2ddc _cBK |
||
| 999 |
_c142540 _d142540 |
||